| 000 | 00532nam a2200193 4500 | ||
|---|---|---|---|
| 003 | OSt | ||
| 005 | 20260530115324.0 | ||
| 008 | 260521b |||||||| |||| 00| 0 spa d | ||
| 040 |
_aICI _bspa _cICI _erda |
||
| 050 |
_aNK1455 _b.D4 |
||
| 100 |
_aIllums Bolighus _eautor _934790 |
||
| 245 |
_aIllums Bolighus: _bCenter of Modern Design |
||
| 264 |
_aDinamarca _bIllums Bolighus _c1965 |
||
| 300 | _a163 páginas | ||
| 336 |
_2rdacontent _atexto |
||
| 337 |
_2rdamedia _asin medio |
||
| 338 |
_2rdacarrier _avolumen |
||
| 942 |
_2lcc _n1 _cBK |
||
| 999 |
_c13905 _d13905 |
||